| 000 | 00499nam a22001817a 4500 | ||
|---|---|---|---|
| 003 | CEME | ||
| 005 | 20210628205237.0 | ||
| 008 | 210223b xxu||||| |||| 00| 0 eng d | ||
| 020 | _a0-471-31143-X | ||
| 040 | _c. | ||
| 082 | _a620.11296 HUD'T | ||
| 100 |
_aHudson, John B _920198 |
||
| 245 | _aTherodynamics of materials a classical and statistical synthesis | ||
| 260 |
_aNEWYORK _bJOHN WILEY _c1996 |
||
| 300 | _aXVII,365P | ||
| 650 |
_aMATERIALS THERMAL PROPERTIES _974545 |
||
| 942 |
_cBK _2ddc |
||
| 999 |
_c580063 _d580063 |
||